书目信息 |
| 书名: | THE MADDEST IDEA | |
| 作者: | James Nelson | |
| 分册号: | ||
| 分册名: | 出版地: | Great Britain |
|
| 出版社: | CORGI BOOKS | |
| 出版时间: | 1997 | |
| 页数: | 522p | |
| 开本: | 16cm | |
| 丛书名: | ||
| 中图分类号: | ||
| 科图分类号: | ||
| 其他分类号: | I561.4 | |
| 主题词: | ||
| 电子资源: | ||
| 000 | 00384nam0 2200145 450 | |
| 001 | 202012000493 | |
| 005 | 20121107112004.0 | |
| 008 | 12102001s | |
| 020 | @a9780552149617@c£6.99 | |
| 099 | @dI561.4@eJ284 | |
| 245 | 10 | @aTHE MADDEST IDEA@cJames Nelson |
| 260 | 0 | @aGreat Britain@bCORGI BOOKS@c1997 |
| 300 | @a522p@c16cm | |
| 905 | @b008352-3 | |
| 905 | @aTSG@dI561.4@eJ284 | |
| THE MADDEST IDEA / James Nelson.-Great Britain : CORGI BOOKS , 1997 |
| 522p ; 16cm |
| ISBN 9780552149617£6.99 |
| ● |
| 相关链接 |
|
|
|
正题名:THE MADDEST IDEA
索取号:I561.4/J284
 
预约/预借
| 序号 | 登录号 | 条形码 | 馆藏地/架位号 | 状态 | 备注 |
| 1 | 8352 | 300083521 | 文学库116/400A自科库 16排2列4层/ [索取号:I561.4/J284] | 在馆 | |
| 2 | 8353 | 300083530 | 文学库116/400A自科库 16排2列4层/ [索取号:I561.4/J284] | 在馆 |